Top 100 Biggest Cities in Switzerland - Statistics

General Stats
  • This quiz has been taken 472 times
  • The average score is 37 of 100
Answer Stats
# City Population % Correct
5 Bern 134,794
98%
2 Geneva 203,856
98%
1 Zurich 421,878
98%
3 Basel 178,120
95%
4 Lausanne 140,202
92%
7 Lucerne 82,620
90%
8 St. Gallen 76,213
85%
9 Lugano 62,315
82%
6 Winterthur 114,220
78%
22 Neuchâtel 33,455
72%
10 Biel/Bienne 55,206
68%
17 Chur 36,336
68%
14 Fribourg 38,039
67%
19 Sion 34,978
67%
11 Thun 43,476
66%
24 Zug 30,934
64%
15 Schaffhausen 36,952
63%
82 Locarno 15,728
61%
43 Aarau 21,726
60%
31 Montreux 26,090
59%
12 Bellinzona 43,360
57%
72 Solothurn 16,802
51%
60 Olten 18,496
48%
44 Nyon 21,718
47%
85 Schwyz 15,435
46%
51 Vevey 19,752
46%
32 Frauenfeld 25,974
45%
36 Wil 24,132
44%
52 Baden 19,621
43%
28 Dietikon 28,057
38%
86 Liestal 14,963
38%
16 La Chaux-de-Fonds 36,915
36%
61 Martigny 18,291
36%
13 Köniz 42,388
35%
18 Uster 35,337
35%
25 Yverdon-les-Bains 29,955
35%
35 Bulle 24,412
34%
49 Kloten 20,429
34%
39 Kreuzlingen 22,390
34%
23 Emmen 31,039
32%
29 Rapperswil-Jona 27,483
32%
26 Dübendorf 29,907
30%
34 Baar 24,686
29%
69 Cham 17,042
29%
27 Kriens 28,245
29%
62 Thalwil 18,278
29%
38 Carouge 22,536
28%
71 Sierre 16,819
28%
33 Wetzikon 25,056
28%
83 Herisau 15,649
27%
63 Muttenz 18,020
27%
41 Wädenswil 21,792
27%
40 Bülach 21,998
26%
74 Burgdorf 16,583
26%
67 Grenchen 17,577
26%
92 Meilen 14,539
26%
73 Pratteln 16,621
26%
64 Gossau 17,990
25%
84 Langenthal 15,544
25%
37 Horgen 23,090
24%
21 Lancy 33,989
24%
30 Meyrin 26,129
24%
78 Morges 16,101
24%
98 Rheinfelden 13,551
24%
50 Schlieren 19,881
24%
20 Vernier 34,898
24%
68 Wallisellen 17,218
24%
46 Wettingen 21,099
24%
45 Allschwil 21,563
23%
77 Einsiedeln 16,247
23%
89 Küsnacht 14,811
23%
88 Mendrisio 14,902
23%
65 Monthey 17,820
23%
48 Renens 20,834
23%
87 Arbon 14,950
22%
47 Opfikon 20,954
22%
53 Reinach 19,260
22%
42 Riehen 21,788
22%
55 Onex 18,933
21%
70 Wohlen 16,881
21%
80 Lyss 15,763
20%
90 Stäfa 14,791
20%
54 Adliswil 19,049
19%
T94 Horw 14,211
19%
58 Pully 18,694
19%
59 Regensdorf 18,568
19%
100 Uzwil 13,284
19%
91 Thônex 14,573
18%
66 Ostermundigen 17,758
17%
99 Zollikon 13,311
17%
T94 Amriswil 14,211
15%
81 Binningen 15,750
15%
96 Ebikon 14,066
15%
79 Steffisburg 15,991
15%
75 Freienbach 16,520
14%
97 Richterswil 13,670
14%
57 Glarus Nord 18,832
13%
93 Oftringen 14,455
13%
56 Volketswil 18,865
13%
76 Illnau-Effretikon 16,298
12%
No matching quizzes found
Score Distribution
Percent of People with Each Score
Percentile by Number Answered
Your Score History
You have not taken this quiz